000 00644nam a2200241Ia 4500
001 48697
005 20240114003920.0
007 ta
008 090519s1973 g b000 u 465 u
040 _aCotton College,Assam
041 _a465
082 _a573
_bRe 29 Ex
100 _aRenfrew, Colin .
245 0 _aThe Explanation of Culture change:Models in prehistory /
_cColin Renfrew.
_hTextual Documents
250 _a1st ed /
260 _aLondon :
_bDuckworth ,
_c1973.
300 _a788p ;
_c28 cm.
653 _aLife Science
653 _aT/G-Life Science
942 _2ddc
_cBK
999 _c48662
_d48662